The secrets of Kalindi : (Record no. 111423)
[ view plain ]
| 000 -LEADER | |
|---|---|
| fixed length control field | 00345nam a2200121 a 4500 |
| 005 - DATE AND TIME OF LATEST TRANSACTION | |
| control field | 20140414131915.0 |
| 008 - FIXED-LENGTH DATA ELEMENTS--GENERAL INFORMATION | |
| fixed length control field | 100915s19uu xx 00 eng d |
| 050 ## - LIBRARY OF CONGRESS CALL NUMBER | |
| Classification number | FIC |
| Item number | D53 1996 |
| 100 ## - MAIN ENTRY--PERSONAL NAME | |
| Personal name | Dharmarajan, Geeta |
| 245 ## - TITLE STATEMENT | |
| Title | The secrets of Kalindi : |
| Remainder of title | a jigsaw puzzle adventure. |
| 260 ## - PUBLICATION, DISTRIBUTION, ETC. (IMPRINT) | |
| Place of publication, distribution, etc | New Delhi, India : |
| Name of publisher, distributor, etc | Katha, |
| Date of publication, distribution, etc | 1996. |
| Withdrawn status | Lost status | Source of classification or shelving scheme | Damaged status | Home library | Current library | Shelving location | Date acquired | Source of acquisition | Total Checkouts | Full call number | Barcode | Date last seen | Price effective from | Koha item type |
|---|---|---|---|---|---|---|---|---|---|---|---|---|---|---|
| Dewey Decimal Classification | Munich Library | Munich Library | Teachers Reference Section | 09/15/2010 | Library Fund | TR D53 1996 | M2141 | 04/14/2014 | 04/14/2014 | Books |